| 000 | 00631nam a22002057a 4500 | ||
|---|---|---|---|
| 999 |
_c17106 _d17106 |
||
| 003 | AR-CdUCM | ||
| 008 | 190507b ||||| |||| 00| 0 spa d | ||
| 040 |
_aMUNICIPALIDAD PROVINCIAL DEL CUSCO _cBIBLIOTECA MUNICIPAL DEL CUSCO |
||
| 082 |
_a385.3432 / _bSI57 |
||
| 100 |
_aSinger, Kurt _936956 |
||
| 245 | _aGrandes historias de espionaje / | ||
| 260 |
_aBarcelona _bLuis de caralt, _c1962. |
||
| 300 |
_a322 paginas ; _c20 cm. |
||
| 500 | _aCiencias Sociales | ||
| 650 |
_aHistorias _92725 |
||
| 650 |
_aEspionaje _936957 |
||
| 700 |
_aPaytuvi, Carlos _936958 |
||
| 942 |
_2ddc _cLIBROS |
||
| 945 |
_apjha _d2019-05-07 |
||